Jayden Daniels College Trivia - Statistics

General Stats
  • This quiz has been taken 80 times
  • The average score is 7 of 8
Answer Stats
Question Answer % Correct
What college did Daniels transfer to in 2022? LSU
100%
What team drafted Daniels in the 2024 NFL Draft? Washington Commanders
98%
What college recruited Daniels? Arizona State
97%
What Quarterback was drafted ahead ofDaniels in the 2024 NFL Draft? Caleb Williams
94%
Drafted by the Giants, who was Daniels's primary receiver in 2024? Malik Nabers
92%
What coveted award did Daniels win in 2023? The Heisman Trophy
91%
In what state was Daniels born? California
86%
What is Daniels's nickname? JD5
70%
No matching quizzes found
Score Distribution
Percent of People with Each Score
Percentile by Number Answered
Your Score History
You have not taken this quiz